APC 2012 (Record no. 112418)
[ view plain ]
| 000 -LEADER | |
|---|---|
| fixed length control field | 01425cam a22002895a 4500 |
| 001 - CONTROL NUMBER | |
| control field | L153201 |
| 008 - FIXED-LENGTH DATA ELEMENTS--GENERAL INFORMATION | |
| fixed length control field | 110622s2011 xxk f 000 0 eng d |
| 020 ## - INTERNATIONAL STANDARD BOOK NUMBER | |
| International Standard Book Number | 9781842197110 |
| 035 ## - SYSTEM CONTROL NUMBER | |
| System control number | (Sirsi) u153201 |
| 041 0# - LANGUAGE CODE | |
| Language code of text/sound track or separate title | eng |
| 050 04 - LIBRARY OF CONGRESS CALL NUMBER | |
| Classification number | 333.3307 $2 18 |
| 100 1# - MAIN ENTRY--PERSONAL NAME | |
| Personal name | Hirst, Christina |
| 245 00 - TITLE STATEMENT | |
| Title | APC 2012 |
| Remainder of title | your practical guide to success |
| 250 ## - EDITION STATEMENT | |
| Edition statement | 6th ed. |
| 260 ## - PUBLICATION, DISTRIBUTION, ETC. | |
| Place of publication, distribution, etc. | Coventry |
| Name of publisher, distributor, etc. | RICS |
| Date of publication, distribution, etc. | 2011 |
| 300 ## - PHYSICAL DESCRIPTION | |
| Extent | x, 164p. |
| Dimensions | 21cm. |
| 505 2# - FORMATTED CONTENTS NOTE | |
| Formatted contents note | APC overview -- The training period -- Information management -- Preparation for the final assessment -- The interview and presentation -- Appraisal referral and the appeal system -- Conclusion -- Frequently asked questions -- APC timeline |
| 520 ## - SUMMARY, ETC. | |
| Summary, etc. | This book explains explains each stage of the RICS Assessment of Professional Competence (APC) programe from enrolment to the final assessment, results and appeals. This new edition reflects recent changes to the process. It covers the following: dates, deadlines and timescales; record-keeping and report-writing; the core competencies; the final assessment; interview techiques; appraisal, referral and appeal. |
| 520 ## - SUMMARY, ETC. | |
| Summary, etc. | Supersedes fifth edition (ISBN 9781842196045). |
| 521 ## - TARGET AUDIENCE NOTE | |
| Target audience note | Advanced |
| 590 ## - LOCAL NOTE (RLIN) | |
| Local note | KA NTK |
| 650 24 - SUBJECT ADDED ENTRY--TOPICAL TERM | |
| Topical term or geographic name entry element | APC |
| 9 (RLIN) | 6216 |
| 651 #4 - SUBJECT ADDED ENTRY--GEOGRAPHIC NAME | |
| Geographic name | United Kingdom |
| Chronological subdivision | |
| 690 ## - LOCAL SUBJECT ADDED ENTRY--TOPICAL TERM (OCLC, RLIN) | |
| Topical term or geographic name as entry element | CAREERS, EDUCATION AND TRAINING-QUALIFICATION ROUTES-ASSESSMENT OF PROFESSIONAL COMPETENCE |
| 942 ## - ADDED ENTRY ELEMENTS (KOHA) | |
| Suppress in OPAC | 0 |
| Withdrawn status | Lost status | Source of classification or shelving scheme | Damaged status | Not for loan | Home library | Current library | Shelving location | Date acquired | Total Checkouts | Full call number | Barcode | Date last seen | Copy number | Price effective from | Koha item type |
|---|---|---|---|---|---|---|---|---|---|---|---|---|---|---|---|
| Dewey Decimal Classification | London | London | Books | 22/06/2011 | 333.3307 HIR | 30076615 | 06/08/2019 | 1 | 06/08/2019 | Book | |||||
| Dewey Decimal Classification | London | London | Books | 22/06/2011 | 333.3307 HIR | 30076614 | 06/08/2019 | 3 | 06/08/2019 | Book | |||||
| Dewey Decimal Classification | London | London | Books | 05/03/2014 | 333.3307 HIR | 30075224 | 06/08/2019 | 4 | 06/08/2019 | Book | |||||
| Dewey Decimal Classification | London | London | RICS Boxes | 22/06/2011 | RICS 2011/26 | 30076609 | 06/08/2019 | 1 | 06/08/2019 | Archive |